| 000 | 01201nam a2200289 i 4500 | ||
|---|---|---|---|
| 003 | EG-GICUC | ||
| 005 | 20260121101331.0 | ||
| 008 | 251123s1983 ua ||||fr|||| 00| 0 ara d | ||
| 040 |
_a EG-GICUC _bara _c EG-GICUC _d EG-GICUC _erda |
||
| 041 | 0 | _aara | |
| 082 | 0 | 4 |
_221 _a345.2213 _bم ح . س |
| 092 | 0 | 4 | _221 |
| 099 | _aLaw1 07 345.2213 م ح . س 1983 | ||
| 100 | 0 |
_aمحمد أحمد الطيب هيكل _eمؤلف. |
|
| 245 | 1 | 0 |
_aالسلطة الرئاسية بين الفاعلية والضمان : _bدراسة مقارنة بين القانون الاداري وعلم الإدارة العامة / _cدكتور محمد أحمد الطيب هيكل. |
| 264 | 1 |
_aالقاهرة : _bجامعة عين شمس، _c1983. |
|
| 300 |
_a654 ؛صفحة _c24 سم. |
||
| 336 |
_2rda content _atext |
||
| 337 |
_2rda media _aComputer |
||
| 338 |
_2rda carrier _aOnline Resource |
||
| 546 | _aالنص أغلبه باللغة العربية مع بعض النصوص الإنجليزية | ||
| 650 | 1 | 4 | _aالسلطة الرئاسية |
| 650 | 1 | 4 | _aالقانون الإداري |
| 856 | 4 | 0 | _uhttps://fll.law.cu.edu.eg/fulltext/bks/B07-00724.pdf |
| 905 |
_a32 _eYara |
||
| 942 |
_2ddc _cBK _e21 _n0 |
||
| 999 |
_c45314 _d45314 |
||